000 00715nam a2200205Ii 4500
003 JO-AjNU
008 230605s9999||||xx |||||||||||||| ||und||
017 _a1989/714
040 _aJO-AjNU
_bara
_erda
_cJO-AjNU
041 _aara
050 1 4 _aBF168.1989
100 3 _aبنسن، هربرت؛ ترجمة علي، محمد جابر ,
_eauthor
_939627
245 0 0 _aالعقل والجسم :دراسة نفسية فسيولوجية
264 3 1 _aبغداد:دار المأمون للترجمة والنشر ،1989
300 _a167ص
336 _atext
_btxt
_2rdacontent
337 _aunmediated
_bn
_2rdamedia
338 _avolume
_bnc
_2rdacarrier
650 4 _aصحة عامة-العقل والجسم
_939628
999 _aA16751
_c20319
_d20319